000 00193 a2200097 4500
001 14760
100 _aMitchison
245 _aChina
260 _a
_bThames and Hudson
_c
090 _c11540
_d11540
942 _aNUST-CAE
_cM
_c1715
999 _c249833
_d249833